000 00823nam a2200241 a 4500
001 64041
003 BD-RjUL
005 20211209081250.0
008 170208s1947 nyuabc b 001 0 eng
035 _a(BD-RjUL)64171
040 _aDLC
_cOAU
_dBD-RjUL
_beng
041 _aeng
082 _a940.28
_223
_bGAE 1947
100 1 _aGarrett, Mitchell B.
_q(Mitchell Bennett),
_d1881-1959.
_9190221
245 1 0 _aEurope since 1815 /
_cby Mitchell B. Garrett and James L. Godfrey.
260 _aNew York :
_bF. S. Crofts,
_cc1947.
300 _axx, 763 p. :
_bill. ;
_c24 cm.
504 _a"Reading references": p. 729-746.
651 0 _aEurope
_xHistory
_y1789-1900.
_9187817
651 0 _aEurope
_xHistory
_y20th century.
_9187818
700 1 _aGodfrey, James L.
_q(James Logan),
_d1907-1994,
_ejoint author.
_9190222
942 _2ddc
_cBK
999 _c64041
_d64041